书目信息 |
| 题名: |
艺术·种源
|
|
| 作者: | 宋立达 编著 | |
| 分册: | ||
| 出版信息: | 北京 金城出版社 2006.01 |
|
| 页数: | 192页 | |
| 开本: | 20cm | |
| 丛书名: | ||
| 单 册: | ||
| 中图分类: | J110.9 | |
| 科图分类: | ||
| 主题词: | 艺术--世界 , 美术--世界 | |
| 电子资源: | ||
| ISBN: | 7-80084-779-9 | |
| 000 | 00570nam0 2200217 45 | |
| 001 | 0953318746 | |
| 005 | 20091021145018.89 | |
| 010 | @a7-80084-779-9@dCNY38.00 | |
| 100 | @a20090515d2006 ekmy0 y0120 ea | |
| 102 | @aCN@b130000 | |
| 105 | @ay z 000yy | |
| 200 | 1 | @a艺术·种源@f宋立达编著@Fsong li da bian zhu |
| 210 | @a北京@c金城出版社@d2006.01 | |
| 215 | @a192页@d20cm | |
| 606 | 0 | @a艺术@x世界 |
| 606 | 0 | @a美术@x世界 |
| 690 | @aJ110.9@v4 | |
| 701 | 0 | @a宋立达@Asong li da@4编著 |
| 801 | 0 | @aCN@c20091021 |
| 905 | @a10447@dJ110.9@eS770 | |
| 906 | @d38@n2@r1 | |
| 艺术·种源/宋立达编著.-北京:金城出版社,2006.01 |
| 192页;20cm |
| ISBN 7-80084-779-9:CNY38.00 |
| ● |
| 相关链接 |
|
|
|
正题名:艺术·种源
索取号:J110.9/S770
 
预约/预借
| 序号 | 登录号 | 条形码 | 馆藏地/架位号 | 状态 | 备注 |
| 1 | 893284 | 208932841 | 艺术设计学院资料室/ [索取号:J110.9/S770] | 在馆 | |
| 2 | 893285 | 208932850 | 社科库309/309社科库 65排3列2层/ [索取号:J110.9/S770] | 在馆 |